000 00488nam a2200181Ia 4500
008 090123s9999 xx 000 0 und d
082 _b1537
100 _aनंदा गुलशन
245 _aदेवछाया
250 _a8
260 _bप्रसाद प्रेस
300 _a178
600 _aनंदा गुलशन
630 _aदेवछाया
700 _aनंदा गुलशन
730 _aदेवछाया
942 _cBOOK
999 _c39619
_d39619